000 01189cam a2200349 a 4500
001 4470699
003 ARRUPE
005 20151104090629.0
008 900104s1989 pau b 000 0 eng
010 _a89016056
020 _a155635004X (pbk.)
035 _a(OCoLC)20012090
035 _a(OCoLC)ocm20012090
035 _a(NNC)4470699
040 _dNNUT
_cArrupe
050 0 _aBV4509.5
_b.G5 1989
090 _aBV4509.5
_b.G5 1989
100 1 _aGinn, Richard.
_920843
245 1 4 _aThe present and the past :
_ba study of anamnesis /
_cby Richard J. Ginn.
260 _aAllison Park, Pa. :
_bPickwick Publications,
_c1989.
300 _a92 p. ;
_c22 cm.
490 1 _aPrinceton theological monograph series ;
_v20
504 _aBibliography: p. [87]-92.
650 0 _aRecollection (Theology)
_920844
650 0 _aRecollection (Psychology)
_xBiblical teaching.
_920845
650 0 _aHistory
_xReligious aspects
_xChristianity
_xBiblical teaching.
_920846
650 0 _aHistory
_xReligious aspects
_xChristianity.
_91764
650 0 _aHistory
_xPhilosophy.
_920847
830 0 _aPrinceton theological monograph series ;
_v20.
_920848
942 _2lcc
_cMONOGRAPH
999 _c123713
_d123713